Les sept merveilles et leurs pays - Statistiques

Statistiques générales
  • Ce quiz a été pris 171 fois
  • Le résultat moyen est 6 sur 7
Statistiques - réponses
Monument Pays % Correct
La Grande Muraille Chine
100%
Taj Mahal Inde
99%
Le Colisée Italie
96%
Le Christ rédempteur Brésil
95%
Le Machu Picchu Pérou
94%
Chichén Itzá Mexique
78%
Pétra Jordanie
71%
Aucun quiz correspondant
Distribution des résultats
% des personnes avec chaque résultat
Percentile par nombre de réponses
Votre historique - résultats
Vous n’avez pas pris ce quiz